<?xml version="1.0" encoding="UTF-8"?>
<record
    xmlns:xsi="http://www.w3.org/2001/XMLSchema-instance"
    xsi:schemaLocation="http://www.loc.gov/MARC21/slim http://www.loc.gov/standards/marcxml/schema/MARC21slim.xsd"
    xmlns="http://www.loc.gov/MARC21/slim">

  <leader>00882nam a22001817a 4500</leader>
  <controlfield tag="005">20150124131059.0</controlfield>
  <controlfield tag="008">141114t        mx||||| |||| 00| 0 esp d</controlfield>
  <datafield tag="050" ind1=" " ind2=" ">
    <subfield code="a">BL 1220</subfield>
    <subfield code="b">A36 1976</subfield>
  </datafield>
  <datafield tag="100" ind1="1" ind2=" ">
    <subfield code="a">Bhaktivedanta Swami Prabhup&#xE2;da, A. C. </subfield>
  </datafield>
  <datafield tag="245" ind1="1" ind2="0">
    <subfield code="a">KRSNA. La suprema personalidad de Dios :</subfield>
    <subfield code="b">Un estudio resumido del d&#xE9;cimo canto del Srimad-Bhagavatam de Sr&#xED;la Vy&#xE2;sadeva /</subfield>
    <subfield code="c">A. C. Bhaktivedanta Swami Prabhup&#xE2;da,</subfield>
  </datafield>
  <datafield tag="250" ind1=" " ind2=" ">
    <subfield code="a">Primera edici&#xF3;n: 1976</subfield>
  </datafield>
  <datafield tag="260" ind1=" " ind2=" ">
    <subfield code="a">M&#xE9;xico :</subfield>
    <subfield code="b">The Bhaktivedanta Book Trust,</subfield>
    <subfield code="c">1976.</subfield>
  </datafield>
  <datafield tag="300" ind1=" " ind2=" ">
    <subfield code="a">295 paginas, </subfield>
    <subfield code="b">Ilustraciones,</subfield>
    <subfield code="c">23 X 16 cent&#xED;metros, </subfield>
  </datafield>
  <datafield tag="650" ind1=" " ind2="7">
    <subfield code="2">Lemb</subfield>
    <subfield code="a">Filosof&#xED;a </subfield>
    <subfield code="x">Religi&#xF3;n </subfield>
  </datafield>
  <datafield tag="650" ind1=" " ind2="7">
    <subfield code="2">Lemb</subfield>
    <subfield code="a">Filosof&#xED;a </subfield>
    <subfield code="x">Brahmanismo</subfield>
  </datafield>
  <datafield tag="700" ind1="1" ind2=" ">
    <subfield code="a">Bhaktivedanta Swami Prabhup&#xE2;da, A. C. </subfield>
    <subfield code="e">Traductores: Alejandro Castillo, Osiris Rodriguez-Sosa, Pedro Pablo Szarazgat, William Olivares, Lolita Kadala, Eva J. Wagner,</subfield>
  </datafield>
  <datafield tag="942" ind1=" " ind2=" ">
    <subfield code="2">ddc</subfield>
    <subfield code="c">LIB</subfield>
  </datafield>
  <datafield tag="999" ind1=" " ind2=" ">
    <subfield code="c">69511</subfield>
    <subfield code="d">69511</subfield>
  </datafield>
  <datafield tag="952" ind1=" " ind2=" ">
    <subfield code="1">0</subfield>
    <subfield code="2">lcc</subfield>
    <subfield code="4">0</subfield>
    <subfield code="7">0</subfield>
    <subfield code="a">LIC-020</subfield>
    <subfield code="b">LIC-020</subfield>
    <subfield code="c">GENERAL</subfield>
    <subfield code="d">2014-11-14</subfield>
    <subfield code="k">Educaci&#xF3;n y humanidades</subfield>
    <subfield code="o">BL 1220 A32 1976</subfield>
    <subfield code="p">BFF000008701</subfield>
    <subfield code="r">2015-01-16 00:00:00</subfield>
    <subfield code="t">C: 1</subfield>
    <subfield code="y">LIB</subfield>
  </datafield>
</record>
